ბათუმის შოთა რუსთაველის სახელმწიფო უნივერსიტეტის ბიბლიოთეკა

ზოგადი ქირურგია : (ბიბ.ჩანაწერი № 62610)

000 -ლიდერი
ფიქსირებული სიგრძის საკონტროლო ველი 00839nam a22001937a 4500
003 - საკონტროლო ნომრის იდენტიფიკატორი
საკონტროლო ველი Ge_BSU
005 - ბოლო ოპერაციის თარიღი და დრო
საკონტროლო ველი 20241217155040.0
008 - ფიქსირებული სიგრძის მონაცემთა ელემენტები - ზოგადი ინფორმაცია
ფიქსირებული სიგრძის საკონტროლო ველი 241217s1976 ge ||||| |||| 00| 0 geo d
041 ## - ენის კოდი
Language code of text/sound track or separate title geo
080 ## - უნივერსალური ათობითი კლასიფიკაციის ინდექსი
Universal Decimal Classification number 617(075.8) ბ-89
100 ## - მთავარი ჩანაწერი - პიროვნების სახელი
Personal name ბოჭორიშვილი, გიორგი
9 (RLIN) 22608
245 ## - ცნობა სათაურის შესახებ
Title ზოგადი ქირურგია :
Remainder of title [სახელმძღვ. სამედ. ინ-ტის სტუდენტთათვის] /
Statement of responsibility, etc გ. ბოჭორიშვილი.
264 ## - წარმოების, გამოცემის, დისტრიბუციის და სხვა ცნობები
გამოცემის, წარმოების, დისტრიბუციის... ადგილი თბილისი :
გამოცემის, წარმოების, დისტრიბუციის... სახელწოდება განათლება,
გამოცემის, წარმოების, დისტრიბუციის... თარიღი 1976.
300 ## - ფიზიკური აღწერა
Extent 519 გვ. :
Other physical details ილ.; 5 ფ. ;
Dimensions 26 სმ.
501 ## - შენიშვნა თანმხლებ მასალაზე
With note საძიებელი: გვ. 495-511.
653 ## - INDEX TERM--UNCONTROLLED
Uncontrolled term ზოგადი ქირურგია
653 ## - INDEX TERM--UNCONTROLLED
Uncontrolled term მედიცინა
942 ## - ADDED ENTRY ELEMENTS (KOHA)
Source of classification or shelving scheme
Koha item type წიგნი
ეგზემპლარები
ჩამოწერის სტატუსი დაკარგული ეგზემპლარის სტატუსი კლასიფიკაციის წყარო ან თაროზე გაწყობის სქემა დაზიანების სტატუსი არ გაიცემა მუდმივი მდებარეობა (დაცვის ადგილი) ამჟამინდელი ადგილსამყოფელი თაროზე განთავსების ადგილი შეძენის თარიღი ღირებულება, შესყიდვის ნორმალური ფასი სრული შენახვის შიფრი შტრიხკოდი ბოლო ოპერაციის თარიღი ეგზემპლარის მიმდევრობითი ნომერი (კეტერი?) ფასის ძალაში შესვლის თარიღი ეგზემპლარის სახეობა საჯარო შენიშვნა
          ბათუმის შოთა რუსთაველის სახელმწიფო უნივერსიტეტის მთავარი ბიბლიოთეკა ბათუმის შოთა რუსთაველის სახელმწიფო უნივერსიტეტის მთავარი ბიბლიოთეკა წიგნსაცავი 2024-12-17 12.00 617(075.8) ბ-89 69993 2024-12-17 69993 2024-12-17 წიგნი 12 ლ.
          ბათუმის შოთა რუსთაველის სახელმწიფო უნივერსიტეტის მთავარი ბიბლიოთეკა ბათუმის შოთა რუსთაველის სახელმწიფო უნივერსიტეტის მთავარი ბიბლიოთეკა წიგნსაცავი 2025-03-17 20.00 617(075.8) ბ-89 70870 2025-03-17 70870 2025-03-17 წიგნი 20.00